Normal view
MARC view
- PARRY, J. V,COTTON, H
Entry Personal Name
001 - CONTROL NUMBER
- control field: 78483
003 - CONTROL NUMBER IDENTIFIER
- control field: NUST
005 - DATE AND TIME OF LATEST TRANSACTION
- control field: 20210628210210.0
008 - FIXED-LENGTH DATA ELEMENTS
- fixed length control field: 210628|| aca||aabn | a|a d
040 ## - CATALOGING SOURCE
- Original cataloging agency: NUST
- Transcribing agency: NUST
100 ## - HEADING--PERSONAL NAME
- Personal name: PARRY, J. V,COTTON, H
670 ## - SOURCE DATA FOUND
- Source citation: Work cat.: (NUST): PARRY, J. V,COTTON, H, SOLUTION OF PROBLEMS IN ELECTICAL TECHNOLOGY, 1966
